| 000 | 00746nam a22002297a 4500 | ||
|---|---|---|---|
| 999 |
_c11659 _d11659 |
||
| 003 | AR-CdUCM | ||
| 008 | 190404b ||||| |||| 00| 0 spa d | ||
| 040 |
_aMUNICIPALIDAD PROVINCIAL DEL CUSCO _cBIBLIOTECA MUNICIPAL DEL CUSCO |
||
| 041 | _heng | ||
| 082 |
_aES / 373 / _bG45 |
||
| 100 |
_aGilliland, Judith Heide _929124 |
||
| 245 | _aNot in the House, Newton ! / | ||
| 260 |
_aNew York : _bLibrary System Bedford Public, _c2003. |
||
| 300 |
_a32 paginas ; _bilustraciones, graficos, dibujos, _c25 cm. |
||
| 500 | _aTexto en ingles para escolares | ||
| 650 |
_aIngles _97365 |
||
| 650 |
_aEstados Unidos _91805 |
||
| 650 |
_aTexto escolar _92070 |
||
| 700 |
_aSayles, Elizabeth _929125 |
||
| 942 |
_2ddc _cLIBROS |
||
| 945 |
_apjha _d2019-04-04 |
||